Stick season lyrics - Statistics

General Stats
  • This quiz has been taken 174 times
  • The average score is 357 of 414
Answer Stats
Answer % Correct
i
100%
a
99%
it
99%
the
99%
you
99%
your
99%
and
98%
mom,
98%
my
98%
of
98%
season
98%
that
98%
to
98%
no,
96%
no
96%
sticks
96%
vermont,
96%
but
95%
for
95%
me
95%
saw
95%
she
95%
do
94%
existed
94%
forgot
94%
half
94%
half,
94%
like
94%
so
94%
love
93%
not
93%
fault,
92%
it's
92%
drink
90%
on
90%
some
90%
victim
90%
have,
89%
have
89%
alcohol
88%
come
88%
friends
88%
all
87%
christmas
87%
dream
87%
home
87%
i'll
87%
play
87%
promised
87%
was
87%
as
86%
just
86%
night
86%
combined
84%
did
84%
each
84%
lose
84%
miles
84%
through
84%
'til
84%
change
83%
version
83%
drive
82%
more
82%
now
82%
heart
81%
in
81%
might
81%
than
81%
exit
80%
future
80%
had
80%
right
80%
sign
78%
covid
77%
halfway
77%
left
77%
our
77%
yourself
77%
'cause
76%
drivin'
76%
passed
76%
planes
76%
shoes
76%
tracks
76%
am
75%
can't
75%
kept
75%
must've
75%
one
75%
tire
75%
voice
75%
off
73%
pair
73%
anger
72%
between
72%
doc
72%
split
72%
straight
72%
stuck
72%
travel,
72%
way
72%
told
71%
when
71%
somethin'
70%
there's
69%
memories
67%
see
67%
trailed
67%
weed
67%
i'm
66%
rains
66%
smoking
66%
terrified
65%
because
64%
dad
63%
exactly
63%
that'll
63%
from
61%
inherited
61%
out
61%
replace
61%
weather
61%
darkness
60%
miss
60%
thought
60%
even
59%
laugh
58%
you're
58%
cancel
57%
face
57%
funny
57%
if
57%
longer
55%
call
54%
good
54%
back
53%
bad
53%
could
53%
still
52%
piled
51%
"forever",
48%
once
47%
called
46%
does
45%
other
43%
doubt
42%
blame
41%
passin'
40%
something
40%
are
39%
hope
39%
pain's
37%
this
37%
No matching quizzes found
Score Distribution
Percent of People with Each Score
Percentile by Number Answered
Your Score History
You have not taken this quiz